00638nam a2200193Ia 4500003000900000008004100009040001600050080001900066100002800085245007600113260003900189300001400228650002500242650003300267650002700300942000700327999001500334952009500349IN-BaIIA211028s9999 xx 000 0 eng d cIIA Library a53.082.16bDEI aDeimel, Richard F97938 0aMechanics of the gyroscopebthe dynamics of ratationcRichard F. Deimel aNew YorkbDover Publicationsc1950 aix, 192p. a Gyroscopes 97939 a Mathematical physics97940 aNASA thesaurus 97941 cBK c4520d4520 00104070aBANbBANcGENd1974-10-09l0o53.082.16/ DEIp5046r2021-11-05w1974-10-09yBK